| 000 | 00804aam a2200301 i 4500 | ||
|---|---|---|---|
| 001 | 768714001 | ||
| 003 | CO-MdFUSB | ||
| 005 | 20250529151746.0 | ||
| 007 | ta | ||
| 008 | 250529t2000 ck ||||| |||| 00| 0 spa d | ||
| 020 | _a958-614-946-3 | ||
| 040 | _cCO-MdFUSB | ||
| 041 | 0 | _aspa | |
| 082 | 0 | 4 |
_223 _a303.686 _bL318m |
| 100 | 1 |
_aLara Salive, Patricia (1951-) _eautor |
|
| 245 | 1 | 0 |
_aLas mujeres en la guerra _c/ Patricia Lara Salive |
| 250 | _asegunda edición | ||
| 264 | 1 |
_bPlaneta, _aBogotá, Colombia : _c[2000] |
|
| 264 | 4 | _c©2000 | |
| 300 | _a293 páginas | ||
| 336 |
_atexto _btxt _2rdacontent |
||
| 337 |
_2rdamedia _asin mediación _bn |
||
| 338 |
_2rdacarrier _avolumen _bnc |
||
| 563 | _aRústico | ||
| 653 | _aMujeres en la guerra | ||
| 942 | _cBK | ||
| 945 | _aElías Tolentino | ||
| 999 |
_c39399 _d39399 |
||